Perfiles / (Record no. 131383)

MARC details
000 -LEADER
campo de control de longitud fija 00556nam a2200181 4500
001 - NÚMERO DE CONTROL
campo de control 131383
003 - IDENTIFICADOR DE NÚMERO DE CONTROL
campo de control ES-MaACL
005 - FECHA Y HORA DE LA ÚLTIMA TRANSACCIÓN
campo de control 20250626063156.0
007 - CAMPO FIJO DE DESCRIPCIÓN FÍSICA--INFORMACIÓN GENERAL
campo de control de longitud fija t|
008 - DATOS DE LONGITUD FIJA--INFORMACIÓN GENERAL
campo de control de longitud fija 070214s1970 sp r ||||1| spa d
100 0# - ENTRADA PRINCIPAL--NOMBRE DE PERSONA
Nombre de persona Rodríguez, Leoncio,
Títulos y otros términos asociados al nombre 1850-1926
9 (RLIN) 98273
245 10 - MENCIÓN DEL TÍTULO
Título Perfiles /
Mención de responsabilidad, etc. Leoncio Rodríguez.
250 ## - MENCION DE EDICION
Mención de edición 1ª. ed.
260 ## - PUBLICACIÓN, DISTRIBUCIÓN, ETC.
Lugar de publicación, distribución, etc. Santa Cruz de Tenerife :
Nombre del editor, distribuidor, etc. [s.n.],
Fecha de publicación, distribución, etc. 1970 (
Fabricante Herederos de L. Rodríguez)
300 ## - DESCRIPCIÓN FÍSICA
Extensión 348 p., 1 lám. :
Otras características físicas `retr. aut.` ;
Dimensiones 24 cm.
852 ## - LOCALIZACIÓN
Ubicación ES-MaACL
Número de control de estantería C-37782
Sublocalización o colección R.75385
Holdings
Estatus retirado Estado de pérdida Estado de daño No para préstamo Biblioteca de origen Biblioteca actual Ubicación en estantería Fecha de adquisición Fuente de adquisición Total de préstamos Signatura topográfica completa Código de barras Visto por última vez Precio de reemplazo Tipo de ítem Koha
        Biblioteca del Ateneo de Madrid Biblioteca del Ateneo de Madrid Depósito 2 17/01/2008     C-37782 1136779 23/02/2023 23/02/2023 Libro impreso